| 000 | 00590nam a2200193 a 4500 | ||
|---|---|---|---|
| 001 | 4344 | ||
| 003 | CDMR | ||
| 005 | 20130403135138.0 | ||
| 008 | 130130s1993||||||||||||||||||||||||||||d | ||
| 040 |
_aCDMR _bcat _cCDMR |
||
| 245 | 3 | _aEl Compromiso de Caspe | |
| 260 |
_aZaragoza _c1993 _bAsociación de la Prensa de Aragón |
||
| 300 |
_a14 p, 2 facsímils ; _c36 cm |
||
| 490 | 0 | _aPrensa Aragonesa | |
| 490 | 0 |
_aColección facsímil _v6 |
|
| 500 | _aConté Facsímils dels periòdics "El Compromiso de Caspe" i "El Guadalope" | ||
| 650 | 0 | 4 |
_aPremsa _xHistòria _zAragó _91130 |
| 942 |
_cMON _2udc |
||
| 999 |
_c4344 _d4344 |
||